| Tag |
First Indicator |
Second Indicator |
Subfields |
| LEADER |
00000cam a2200000 4500 |
| 001 |
in00001108313 |
| 005 |
20150929212427.0 |
| 007 |
he bm----b--- |
| 008 |
770112s1818 vtu b 000 0deng d |
| 035 |
|
|
|a (OCoLC)02674471
|
| 035 |
|
|
|9 AFU1152AM
|
| 040 |
|
|
|a MIA
|c MIA
|d MIA
|d TXA
|d UtOrBLW
|
| 049 |
|
|
|a TXAI
|
| 090 |
|
|
|a CT275.A54
|b H2
|
| 099 |
|
|
|a fiche
|a C
|a 7257
|
| 100 |
1 |
|
|a Hall, Frederick,
|d 1780-1843.
|
| 245 |
1 |
0 |
|a Eulogy: on the late Solomon Metcalf Allen, professor of languages in Middlebury College :
|b Pronounced according to appoinment of the president and fellows, March 17, 1818 /
|c By Frederick Hall; Published by request of the corporation.
|
| 264 |
|
3 |
|a Middlebury, Vt. :
|b Printed by Francis Burnap,
|c 1818.
|
| 300 |
|
|
|a 16 pages ;
|c 21 cm.
|
| 336 |
|
|
|a text
|b txt
|2 rdacontent
|
| 337 |
|
|
|a microform
|b h
|2 rdamedia
|
| 338 |
|
|
|a microfiche
|b he
|2 rdacarrier
|
| 533 |
|
|
|a Microfiche.
|b Louisville [Ky.] :
|c Lost Cause Press,
|d 1975.
|e 2 microfiches : negative ; 10.5 x 14.8 cm. (Selected Americana from Sabin's Dictionary of books relating to America)
|
| 500 |
|
|
|a Microform.
|
| 600 |
1 |
0 |
|a Allen, Solomon Metcalf,
|d 1789-1817.
|
| 999 |
|
|
|a MARS
|
| 999 |
f |
f |
|s 3124de16-cb0f-3979-b3f4-ca5a64f48c37
|i 78eabff7-beb2-3db7-9877-0c52414eb5a0
|t 0
|
| 952 |
f |
f |
|p normal
|a Texas A&M University
|b College Station
|c Sterling C. Evans Library
|d Evans: Microforms (3rd floor)
|t 0
|e fiche C 7257
|h Other scheme
|i microform -- microfiche
|m A14823052489
|
| 998 |
f |
f |
|a fiche C 7257
|t 0
|l Evans: Microforms (3rd floor)
|